| 000 | 00702nam a22002057a 4500 | ||
|---|---|---|---|
| 008 | 250718b |||||||| |||| 00| 0 eng d | ||
| 020 | _a9780199673391 | ||
| 040 |
_aCUZ _beng _crda _dCUZ _erda |
||
| 050 | _aBD215.G53GIB | ||
| 100 | _aJohn Gibbons | ||
| 245 |
_aThe Norm of belief _cby John Gibbons |
||
| 264 |
_aNew York _bOxford University press _c©2013 |
||
| 300 | _aextent xv,302pages | ||
| 336 |
_atext _btxt |
||
| 337 |
_aunmediated _bn |
||
| 338 | _2rdacarrier | ||
| 500 | _aincludes bibliography and index | ||
| 650 |
_a Philosophy, Psychology and Religion _aSpeculative philosophy _a Epistemology. Theory of knowledge |
||
| 942 |
_cOS _i215.G53GIB _kBD |
||
| 999 |
_c45267 _d45267 |
||